[Event "DEM U12 2023"]
[Site "Willingen GER"]
[Date "2023.05.29"]
[Round "3"]
[White "Vranckx, Oscar"]
[Black "Shen, Tingrui"]
[Result "0-1"]
[Termination "normal"]
[Board "5"]
[WhiteElo "1733"]
[BlackElo "1801"]
[WhiteClock "01:15:14"]
[BlackClock "00:16:55"]
[PlyCount "88"]
[WhiteFideId "34608788"]
[BlackFideId "34603441"]
[EventCountry "GER"]
[EventRounds "9"]
[EventType "swiss"]
[EventDate "2023.05.27"]

1. e4 {[%clk 01:30:52]} {[%emt 00:00:06]} e5 {[%clk 01:30:28]} {[%emt
00:00:33]} 2. Nf3 {[%clk 01:31:04]} {[%emt 00:00:18]} Nc6 {[%clk 01:30:41]}
{[%emt 00:00:16]} 3. d4 {[%clk 01:31:15]} {[%emt 00:00:18]} exd4 {[%clk
01:30:44]} {[%emt 00:00:30]} 4. Nxd4 {[%clk 01:31:21]} {[%emt 00:00:23]} Bc5
{[%clk 01:30:56]} {[%emt 00:00:18]} 5. Be3 {[%clk 01:31:15]} {[%emt 00:00:36]}
Qf6 {[%clk 01:31:16]} {[%emt 00:00:11]} 6. c3 {[%clk 01:31:12]} {[%emt
00:00:32]} Nge7 {[%clk 01:31:37]} {[%emt 00:00:08]} 7. g3 {[%clk 01:30:56]}
{[%emt 00:00:47]} h5 {[%clk 01:31:12]} {[%emt 00:00:56]} 8. h3 {[%clk
01:30:23]} {[%emt 00:01:01]} h4 {[%clk 01:28:49]} {[%emt 00:02:54]} 9. g4
{[%clk 01:30:02]} {[%emt 00:00:51]} Ng6 {[%clk 01:28:35]} {[%emt 00:00:44]} 10.
Bg2 {[%clk 01:28:54]} {[%emt 00:01:38]} d6 {[%clk 01:20:22]} {[%emt 00:08:43]}
11. O-O {[%clk 01:28:26]} {[%emt 00:00:57]} Bd7 {[%clk 01:19:40]} {[%emt
00:01:13]} 12. Na3 {[%clk 01:25:08]} {[%emt 00:03:48]} Nf4 {[%clk 01:10:17]}
{[%emt 00:09:53]} 13. Nac2 {[%clk 01:21:42]} {[%emt 00:03:56]} Ne5 {[%clk
01:04:40]} {[%emt 00:06:06]} 14. b4 {[%clk 01:19:45]} {[%emt 00:02:27]} Bb6
{[%clk 01:02:20]} {[%emt 00:02:50]} 15. a4 {[%clk 01:17:56]} {[%emt 00:02:20]}
a6 {[%clk 00:57:41]} {[%emt 00:05:10]} 16. Nf5 {[%clk 01:16:27]} {[%emt
00:01:58]} Nxg2 {[%clk 00:45:01]} {[%emt 00:13:09]} 17. Kxg2 {[%clk 01:15:29]}
{[%emt 00:01:29]} Bxf5 {[%clk 00:38:14]} {[%emt 00:07:17]} 18. exf5 {[%clk
01:15:45]} {[%emt 00:00:14]} Bxe3 {[%clk 00:30:32]} {[%emt 00:08:11]} 19. Nxe3
{[%clk 01:15:58]} {[%emt 00:00:18]} O-O {[%clk 00:28:32]} {[%emt 00:02:29]} 20.
f4 {[%clk 01:14:24]} {[%emt 00:02:04]} Nd7 {[%clk 00:24:47]} {[%emt 00:04:15]}
21. Nd5 {[%clk 01:13:53]} {[%emt 00:01:01]} Qd8 {[%clk 00:24:46]} {[%emt
00:00:31]} 22. g5 {[%clk 01:14:18]} {[%emt 00:00:06]} c6 {[%clk 00:24:47]}
{[%emt 00:00:29]} 23. Ne3 {[%clk 01:14:40]} {[%emt 00:00:07]} Qe7 {[%clk
00:22:49]} {[%emt 00:02:26]} 24. Qf3 {[%clk 01:13:09]} {[%emt 00:02:04]} Rfe8
{[%clk 00:21:39]} {[%emt 00:01:40]} 25. Rae1 {[%clk 01:12:12]} {[%emt
00:01:27]} Qe4 {[%clk 00:20:42]} {[%emt 00:01:27]} 26. Qxe4 {[%clk 01:11:38]}
{[%emt 00:01:03]} Rxe4 {[%clk 00:20:48]} {[%emt 00:00:25]} 27. Kf3 {[%clk
01:12:04]} {[%emt 00:00:04]} Rae8 {[%clk 00:20:53]} {[%emt 00:00:25]} 28. Ng2
{[%clk 01:12:29]} {[%emt 00:00:05]} Rxe1 {[%clk 00:20:47]} {[%emt 00:00:36]}
29. Rxe1 {[%clk 01:12:37]} {[%emt 00:00:22]} Rxe1 {[%clk 00:20:55]} {[%emt
00:00:23]} 30. Nxe1 {[%clk 01:13:03]} {[%emt 00:00:04]} Nb6 {[%clk 00:21:18]}
{[%emt 00:00:07]} 31. a5 {[%clk 01:13:07]} {[%emt 00:00:25]} Nd5 {[%clk
00:21:43]} {[%emt 00:00:05]} 32. Kg4 {[%clk 01:13:25]} {[%emt 00:00:11]} Nxc3
{[%clk 00:21:20]} {[%emt 00:00:54]} 33. Kxh4 {[%clk 01:13:35]} {[%emt
00:00:21]} Nd5 {[%clk 00:20:08]} {[%emt 00:01:41]} 34. Nd3 {[%clk 01:13:58]}
{[%emt 00:00:07]} f6 {[%clk 00:20:26]} {[%emt 00:00:12]} 35. Kh5 {[%clk
01:13:36]} {[%emt 00:00:52]} Kf7 {[%clk 00:20:17]} {[%emt 00:00:39]} 36. Nb2
{[%clk 01:13:20]} {[%emt 00:00:46]} Nxf4+ {[%clk 00:19:49]} {[%emt 00:00:58]}
37. Kg4 {[%clk 01:13:46]} {[%emt 00:00:04]} fxg5 {[%clk 00:19:20]} {[%emt
00:00:58]} 38. Kxg5 {[%clk 01:13:27]} {[%emt 00:00:49]} Nxh3+ {[%clk 00:18:27]}
{[%emt 00:01:23]} 39. Kg4 {[%clk 01:13:52]} {[%emt 00:00:04]} Ng1 {[%clk
00:18:21]} {[%emt 00:00:38]} 40. Nc4 {[%clk 01:13:56]} {[%emt 00:00:26]} Ke7
{[%clk 00:18:38]} {[%emt 00:00:13]} 41. Kg5 {[%clk 01:14:14]} {[%emt 00:00:10]}
d5 {[%clk 00:18:30]} {[%emt 00:00:40]} 42. Kg6 {[%clk 01:14:25]} {[%emt
00:00:19]} dxc4 {[%clk 00:16:46]} {[%emt 00:02:14]} 43. Kxg7 {[%clk 01:14:49]}
{[%emt 00:00:06]} Nf3 {[%clk 00:16:55]} {[%emt 00:00:20]} 44. f6+ {[%clk
01:15:14]} {[%emt 00:00:06]} Kd7 {[%emt 00:00:50]} 0-1

[Event "DEM U12 2023"]
[Site "Willingen GER"]
[Date "2023.05.29"]
[Round "3"]
[White "Sydykov, Bayastan"]
[Black "Mandalka, Justus"]
[Result "1-0"]
[Termination "normal"]
[Board "6"]
[WhiteElo "1939"]
[BlackElo "1560"]
[WhiteClock "00:48:27"]
[BlackClock "00:24:10"]
[PlyCount "65"]
[WhiteFideId "13829610"]
[BlackFideId "16298144"]
[EventCountry "GER"]
[EventRounds "9"]
[EventType "swiss"]
[EventDate "2023.05.27"]

1. e4 {[%clk 01:30:52]} {[%emt 00:00:08]} c5 {[%clk 01:30:57]} {[%emt
00:00:04]} 2. Nf3 {[%clk 01:31:16]} {[%emt 00:00:06]} Nc6 {[%clk 01:31:24]}
{[%emt 00:00:03]} 3. d4 {[%clk 01:31:34]} {[%emt 00:00:12]} cxd4 {[%clk
01:31:50]} {[%emt 00:00:04]} 4. Nxd4 {[%clk 01:31:41]} {[%emt 00:00:23]} g6
{[%clk 01:32:15]} {[%emt 00:00:05]} 5. c4 {[%clk 01:31:40]} {[%emt 00:00:31]}
Bg7 {[%clk 01:32:31]} {[%emt 00:00:14]} 6. Be3 {[%clk 01:31:54]} {[%emt
00:00:16]} Nf6 {[%clk 01:32:52]} {[%emt 00:00:09]} 7. Nc3 {[%clk 01:32:05]}
{[%emt 00:00:20]} d6 {[%clk 01:33:15]} {[%emt 00:00:07]} 8. Be2 {[%clk
01:32:15]} {[%emt 00:00:19]} O-O {[%clk 01:33:38]} {[%emt 00:00:07]} 9. h3
{[%clk 01:32:36]} {[%emt 00:00:09]} Nxd4 {[%clk 01:33:54]} {[%emt 00:00:14]}
10. Bxd4 {[%clk 01:32:51]} {[%emt 00:00:15]} Qa5 {[%clk 01:34:16]} {[%emt
00:00:08]} 11. O-O {[%clk 01:32:30]} {[%emt 00:00:51]} Be6 {[%clk 01:33:10]}
{[%emt 00:01:35]} 12. Qd3 {[%clk 01:30:16]} {[%emt 00:02:44]} Rfc8 {[%clk
01:31:13]} {[%emt 00:02:28]} 13. b3 {[%clk 01:29:24]} {[%emt 00:01:22]} a6
{[%clk 01:25:04]} {[%emt 00:06:39]} 14. f4 {[%clk 01:15:50]} {[%emt 00:14:04]}
Nd7 {[%clk 01:09:32]} {[%emt 00:16:03]} 15. Bxg7 {[%clk 01:11:18]} {[%emt
00:05:01]} Kxg7 {[%clk 01:09:55]} {[%emt 00:00:07]} 16. f5 {[%clk 01:10:52]}
{[%emt 00:00:57]} Qc5+ {[%clk 01:10:14]} {[%emt 00:00:10]} 17. Kh1 {[%clk
01:10:36]} {[%emt 00:00:46]} Ne5 {[%clk 01:10:31]} {[%emt 00:00:13]} 18. Qg3
{[%clk 01:10:27]} {[%emt 00:00:39]} Bd7 {[%clk 01:09:03]} {[%emt 00:01:58]} 19.
Nd5 {[%clk 01:07:24]} {[%emt 00:03:33]} Re8 {[%clk 00:59:36]} {[%emt 00:09:57]}
20. Nxe7 {[%clk 01:07:13]} {[%emt 00:00:40]} Rxe7 {[%clk 00:59:09]} {[%emt
00:00:58]} 21. f6+ {[%clk 01:07:34]} {[%emt 00:00:09]} Kf8 {[%clk 00:58:19]}
{[%emt 00:01:20]} 22. Qh4 {[%clk 01:06:56]} {[%emt 00:01:08]} Bc6 {[%clk
00:54:11]} {[%emt 00:04:37]} 23. Qxh7 {[%clk 01:05:10]} {[%emt 00:02:17]} Ke8
{[%clk 00:54:28]} {[%emt 00:00:12]} 24. fxe7 {[%clk 01:05:23]} {[%emt
00:00:17]} Kxe7 {[%clk 00:54:26]} {[%emt 00:00:33]} 25. Rad1 {[%clk 01:05:00]}
{[%emt 00:00:53]} Re8 {[%clk 00:50:42]} {[%emt 00:04:13]} 26. Qh4+ {[%clk
00:57:49]} {[%emt 00:07:41]} Kd7 {[%clk 00:50:01]} {[%emt 00:01:11]} 27. Rf6
{[%emt 00:03:31]} Re6 {[%clk 00:38:27]} {[%emt 00:11:54]} 28. Bg4 {[%clk
00:50:34]} {[%emt 00:04:55]} Nxg4 {[%clk 00:38:09]} {[%emt 00:00:48]} 29. Rxf7+
{[%clk 00:50:00]} {[%emt 00:01:04]} Kc8 {[%clk 00:33:47]} {[%emt 00:04:52]} 30.
Qxg4 {[%clk 00:50:14]} {[%emt 00:00:16]} Bd7 {[%clk 00:33:12]} {[%emt
00:01:05]} 31. Rd5 {[%clk 00:49:20]} {[%emt 00:01:24]} Qe3 {[%clk 00:30:13]}
{[%emt 00:03:29]} 32. e5 {[%clk 00:48:42]} {[%emt 00:01:09]} Qc3 {[%clk
00:24:10]} {[%emt 00:06:32]} 33. Rxd7 {[%clk 00:48:27]} {[%emt 00:00:44]} 1-0

[Event "DEM U12 2023"]
[Site "Willingen GER"]
[Date "2023.05.29"]
[Round "3"]
[White "Rodriguez Klasen, Ennio"]
[Black "Nezhyvenko, Mykhaylo"]
[Result "0-1"]
[Termination "normal"]
[Board "7"]
[WhiteElo "1526"]
[BlackElo "1787"]
[WhiteClock "00:14:24"]
[BlackClock "01:24:56"]
[PlyCount "110"]
[WhiteFideId "16277414"]
[BlackFideId "34139885"]
[EventCountry "GER"]
[EventRounds "9"]
[EventType "swiss"]
[EventDate "2023.05.27"]

1. e4 {[%clk 01:30:56]} {[%emt 00:00:03]} c6 {[%clk 01:31:00]} {[%emt
00:00:01]} 2. d4 {[%clk 01:31:11]} {[%emt 00:00:14]} d5 {[%clk 01:31:29]}
{[%emt 00:00:01]} 3. exd5 {[%clk 01:31:15]} {[%emt 00:00:27]} cxd5 {[%clk
01:31:57]} {[%emt 00:00:02]} 4. c4 {[%clk 01:31:15]} {[%emt 00:00:30]} dxc4
{[%clk 01:32:15]} {[%emt 00:00:11]} 5. Bxc4 {[%clk 01:31:30]} {[%emt 00:00:15]}
Nf6 {[%clk 01:32:29]} {[%emt 00:00:16]} 6. Nc3 {[%clk 01:31:25]} {[%emt
00:00:35]} e6 {[%clk 01:32:11]} {[%emt 00:00:48]} 7. Nf3 {[%clk 01:30:42]}
{[%emt 00:01:14]} Be7 {[%clk 01:32:15]} {[%emt 00:00:25]} 8. O-O {[%clk
01:30:25]} {[%emt 00:00:47]} O-O {[%clk 01:32:35]} {[%emt 00:00:10]} 9. Be3
{[%clk 01:29:42]} {[%emt 00:01:14]} a6 {[%clk 01:32:36]} {[%emt 00:00:29]} 10.
a4 {[%clk 01:27:39]} {[%emt 00:02:33]} Qc7 {[%clk 01:31:13]} {[%emt 00:01:53]}
11. Qe2 {[%clk 01:27:09]} {[%emt 00:01:00]} Rd8 {[%clk 01:29:11]} {[%emt
00:02:31]} 12. Rfd1 {[%clk 01:26:04]} {[%emt 00:01:36]} Nc6 {[%clk 01:29:11]}
{[%emt 00:00:30]} 13. Rac1 {[%clk 01:21:27]} {[%emt 00:05:06]} Qa5 {[%clk
01:26:54]} {[%emt 00:02:47]} 14. Rc2 {[%clk 01:10:32]} {[%emt 00:11:26]} Nb4
{[%clk 01:26:44]} {[%emt 00:00:40]} 15. Rcd2 {[%clk 01:10:01]} {[%emt
00:01:00]} Nbd5 {[%clk 01:26:43]} {[%emt 00:00:31]} 16. Bxd5 {[%clk 01:09:47]}
{[%emt 00:00:45]} Nxd5 {[%clk 01:27:01]} {[%emt 00:00:11]} 17. Nxd5 {[%clk
00:59:47]} {[%emt 00:10:30]} Qxd5 {[%clk 01:27:12]} {[%emt 00:00:19]} 18. Qd3
{[%clk 00:58:18]} {[%emt 00:02:00]} Bd7 {[%clk 01:25:52]} {[%emt 00:01:49]} 19.
b3 {[%clk 00:56:45]} {[%emt 00:02:03]} Bc6 {[%clk 01:26:11]} {[%emt 00:00:11]}
20. Rc2 {[%clk 00:47:36]} {[%emt 00:09:39]} Rac8 {[%clk 01:23:56]} {[%emt
00:02:45]} 21. Qc3 {[%clk 00:36:50]} {[%emt 00:11:17]} Qf5 {[%clk 01:21:06]}
{[%emt 00:03:20]} 22. d5 {[%clk 00:25:08]} {[%emt 00:12:12]} Rxd5 {[%clk
01:19:56]} {[%emt 00:01:40]} 23. Rxd5 {[%clk 00:22:45]} {[%emt 00:02:53]} Qxd5
{[%clk 01:20:13]} {[%emt 00:00:13]} 24. Rd2 {[%clk 00:22:26]} {[%emt 00:00:49]}
Qe4 {[%clk 01:19:42]} {[%emt 00:01:01]} 25. Qc2 {[%clk 00:17:36]} {[%emt
00:05:20]} Qxc2 {[%clk 01:19:52]} {[%emt 00:00:19]} 26. Rxc2 {[%clk 00:18:01]}
{[%emt 00:00:05]} Bd7 {[%clk 01:20:09]} {[%emt 00:00:13]} 27. Rxc8+ {[%clk
00:18:22]} {[%emt 00:00:09]} Bxc8 {[%clk 01:20:38]} 28. Ne5 {[%clk 00:18:24]}
{[%emt 00:00:28]} f6 {[%clk 01:20:35]} {[%emt 00:00:34]} 29. Nc4 {[%clk
00:18:38]} {[%emt 00:00:16]} b5 {[%clk 01:20:50]} {[%emt 00:00:15]} 30. Nb6
{[%clk 00:17:48]} {[%emt 00:01:19]} Bb7 {[%clk 01:21:17]} {[%emt 00:00:04]} 31.
axb5 {[%clk 00:18:07]} {[%emt 00:00:11]} axb5 {[%clk 01:21:44]} {[%emt
00:00:03]} 32. Nd7 {[%clk 00:18:00]} {[%emt 00:00:36]} Bd5 {[%clk 01:22:12]}
{[%emt 00:00:03]} 33. Nc5 {[%clk 00:18:22]} {[%emt 00:00:08]} e5 {[%clk
01:21:46]} {[%emt 00:00:56]} 34. b4 {[%clk 00:18:41]} {[%emt 00:00:11]} Kf7
{[%clk 01:22:06]} {[%emt 00:00:09]} 35. f3 {[%clk 00:18:31]} {[%emt 00:00:40]}
h5 {[%clk 01:22:15]} {[%emt 00:00:22]} 36. Kf2 {[%clk 00:18:50]} {[%emt
00:00:11]} f5 {[%clk 01:21:46]} {[%emt 00:00:59]} 37. Ke2 {[%clk 00:18:23]}
{[%emt 00:00:57]} Bc4+ {[%clk 01:21:14]} {[%emt 00:01:02]} 38. Ke1 {[%clk
00:18:20]} {[%emt 00:00:32]} f4 {[%clk 01:21:23]} {[%emt 00:00:21]} 39. Bf2
{[%clk 00:15:50]} {[%emt 00:03:00]} g5 {[%clk 01:21:26]} {[%emt 00:00:27]} 40.
h3 {[%clk 00:15:27]} {[%emt 00:00:53]} g4 {[%clk 01:21:13]} {[%emt 00:00:44]}
41. hxg4 {[%clk 00:14:25]} {[%emt 00:01:31]} hxg4 {[%clk 01:21:37]} {[%emt
00:00:05]} 42. Bg1 {[%clk 00:13:47]} {[%emt 00:01:08]} Bh4+ {[%clk 01:21:20]}
{[%emt 00:00:48]} 43. Bf2 {[%clk 00:13:47]} {[%emt 00:00:30]} Bxf2+ {[%clk
01:21:41]} {[%emt 00:00:10]} 44. Kxf2 {[%clk 00:14:08]} {[%emt 00:00:08]} g3+
{[%clk 01:22:08]} {[%emt 00:00:03]} 45. Kg1 {[%clk 00:14:02]} {[%emt 00:00:35]}
Ke7 {[%clk 01:22:20]} {[%emt 00:00:18]} 46. Ne4 {[%clk 00:14:12]} {[%emt
00:00:22]} Ke6 {[%clk 01:22:47]} {[%emt 00:00:03]} 47. Nc3 {[%clk 00:14:30]}
{[%emt 00:00:11]} Bd3 {[%clk 01:23:09]} {[%emt 00:00:09]} 48. Kh1 {[%clk
00:14:48]} {[%emt 00:00:12]} e4 {[%clk 01:22:40]} {[%emt 00:00:58]} 49. fxe4
{[%clk 00:14:17]} {[%emt 00:01:01]} Bc4 {[%clk 01:22:58]} {[%emt 00:00:12]} 50.
Kg1 {[%clk 00:13:23]} {[%emt 00:01:23]} Ke5 {[%clk 01:22:56]} {[%emt 00:00:33]}
51. Kh1 {[%clk 00:13:19]} {[%emt 00:00:34]} Kd4 {[%clk 01:23:24]} {[%emt
00:00:02]} 52. Nxb5+ {[%clk 00:13:15]} {[%emt 00:00:34]} Bxb5 {[%clk 01:23:42]}
{[%emt 00:00:12]} 53. e5 {[%clk 00:13:35]} {[%emt 00:00:10]} Kxe5 {[%clk
01:24:11]} {[%emt 00:00:02]} 54. Kg1 {[%clk 00:14:00]} {[%emt 00:00:05]} Kd4
{[%clk 01:24:33]} {[%emt 00:00:07]} 55. Kh1 {[%clk 00:14:24]} {[%emt 00:00:06]}
Kc3 {[%clk 01:24:56]} {[%emt 00:00:07]} 0-1

[Event "DEM U12 2023"]
[Site "Willingen GER"]
[Date "2023.05.29"]
[Round "3"]
[White "Allen, Phillipp"]
[Black "Buchinger, Alexis"]
[Result "0-1"]
[Termination "normal"]
[Board "8"]
[WhiteElo "1539"]
[BlackElo "1943"]
[WhiteClock "00:37:11"]
[BlackClock "00:17:20"]
[PlyCount "110"]
[WhiteFideId "16272846"]
[BlackFideId "16287134"]
[EventCountry "GER"]
[EventRounds "9"]
[EventType "swiss"]
[EventDate "2023.05.27"]

1. e4 {[%clk 01:30:59]} {[%emt 00:00:01]} e5 {[%clk 01:30:54]} {[%emt
00:00:06]} 2. Nf3 {[%clk 01:31:25]} {[%emt 00:00:04]} Nc6 {[%clk 01:31:16]}
{[%emt 00:00:08]} 3. Bb5 {[%clk 01:31:50]} {[%emt 00:00:06]} a6 {[%clk
01:31:41]} {[%emt 00:00:04]} 4. Ba4 {[%clk 01:32:16]} {[%emt 00:00:03]} Nf6
{[%clk 01:32:04]} {[%emt 00:00:08]} 5. d3 {[%clk 01:32:41]} {[%emt 00:00:05]}
b5 {[%clk 01:32:26]} {[%emt 00:00:08]} 6. Bb3 {[%clk 01:33:07]} {[%emt
00:00:04]} Be7 {[%clk 01:32:48]} {[%emt 00:00:08]} 7. O-O {[%clk 01:33:29]}
{[%emt 00:00:07]} O-O {[%clk 01:33:09]} {[%emt 00:00:09]} 8. Re1 {[%clk
01:33:54]} {[%emt 00:00:05]} d6 {[%clk 01:33:05]} {[%emt 00:00:34]} 9. c3
{[%clk 01:34:18]} {[%emt 00:00:06]} Na5 {[%clk 01:32:58]} {[%emt 00:00:37]} 10.
Bc2 {[%clk 01:34:41]} {[%emt 00:00:08]} c5 {[%clk 01:32:53]} {[%emt 00:00:35]}
11. Nbd2 {[%clk 01:34:19]} {[%emt 00:00:51]} Bb7 {[%clk 01:33:03]} {[%emt
00:00:20]} 12. Nf1 {[%clk 01:34:33]} {[%emt 00:00:16]} Re8 {[%clk 01:33:30]}
{[%emt 00:00:04]} 13. Ng3 {[%clk 01:34:04]} {[%emt 00:00:59]} Bf8 {[%clk
01:33:39]} {[%emt 00:00:21]} 14. d4 {[%clk 01:31:39]} {[%emt 00:02:55]} g6
{[%clk 01:15:51]} {[%emt 00:18:17]} 15. d5 {[%clk 01:24:30]} {[%emt 00:07:40]}
Nc4 {[%clk 01:09:03]} {[%emt 00:07:17]} 16. h4 {[%clk 01:10:17]} {[%emt
00:14:44]} h5 {[%clk 01:05:23]} {[%emt 00:04:09]} 17. Ng5 {[%clk 00:56:15]}
{[%emt 00:14:33]} Bc8 {[%clk 01:00:44]} {[%emt 00:05:10]} 18. f3 {[%clk
00:48:01]} {[%emt 00:08:43]} Nh7 {[%clk 00:58:44]} {[%emt 00:02:29]} 19. b3
{[%clk 00:37:41]} {[%emt 00:10:52]} Nb6 {[%clk 00:57:20]} {[%emt 00:01:53]} 20.
Kf2 {[%clk 00:33:43]} {[%emt 00:04:27]} Be7 {[%clk 00:51:17]} {[%emt 00:06:34]}
21. Qd2 {[%clk 00:31:36]} {[%emt 00:02:37]} Nd7 {[%clk 00:42:24]} {[%emt
00:09:22]} 22. Rh1 {[%clk 00:21:54]} {[%emt 00:10:13]} Ndf6 {[%clk 00:36:39]}
{[%emt 00:06:16]} 23. Ne2 {[%clk 00:19:20]} {[%emt 00:03:04]} Nxg5 {[%clk
00:29:46]} {[%emt 00:07:22]} 24. hxg5 {[%clk 00:19:39]} {[%emt 00:00:12]} Nh7
{[%clk 00:29:52]} {[%emt 00:00:23]} 25. g3 {[%clk 00:16:47]} {[%emt 00:03:22]}
Bxg5 {[%clk 00:21:37]} {[%emt 00:08:45]} 26. f4 {[%clk 00:16:24]} {[%emt
00:00:54]} exf4 {[%clk 00:21:09]} {[%emt 00:00:57]} 27. gxf4 {[%clk 00:16:43]}
{[%emt 00:00:10]} Bh4+ {[%clk 00:21:09]} {[%emt 00:00:31]} 28. Ng3 {[%clk
00:15:00]} {[%emt 00:02:13]} Qf6 {[%clk 00:17:41]} {[%emt 00:03:57]} 29. Kg2
{[%clk 00:13:18]} {[%emt 00:02:13]} Bg4 {[%clk 00:14:14]} {[%emt 00:03:57]} 30.
Bb2 {[%clk 00:11:51]} {[%emt 00:01:58]} Rac8 {[%clk 00:10:49]} {[%emt
00:03:54]} 31. Rae1 {[%clk 00:09:38]} {[%emt 00:02:43]} c4 {[%clk 00:10:04]}
{[%emt 00:01:15]} 32. b4 {[%clk 00:09:44]} {[%emt 00:00:24]} Re7 {[%clk
00:08:03]} {[%emt 00:02:31]} 33. Qd4 {[%clk 00:09:19]} {[%emt 00:00:56]} Qxf4
{[%clk 00:05:55]} {[%emt 00:02:37]} 34. Qe3 {[%clk 00:06:51]} {[%emt 00:02:58]}
Bxg3 {[%clk 00:05:02]} {[%emt 00:01:23]} 35. Qxg3 {[%clk 00:07:10]} {[%emt
00:00:12]} Qd2+ {[%clk 00:05:08]} {[%emt 00:00:23]} 36. Qf2 {[%clk 00:07:33]}
{[%emt 00:00:07]} Qxf2+ {[%clk 00:05:25]} {[%emt 00:00:13]} 37. Kxf2 {[%clk
00:07:56]} {[%emt 00:00:06]} Rce8 {[%clk 00:05:30]} {[%emt 00:00:25]} 38. Re3
{[%clk 00:08:01]} {[%emt 00:00:26]} Ng5 {[%clk 00:05:33]} {[%emt 00:00:27]} 39.
Rhe1 {[%clk 00:08:17]} {[%emt 00:00:14]} Nh3+ {[%clk 00:02:36]} {[%emt
00:03:27]} 40. Kg3 {[%clk 00:08:35]} {[%emt 00:00:12]} g5 {[%clk 00:01:16]}
{[%emt 00:01:51]} 41. Bc1 {[%clk 00:08:38]} {[%emt 00:00:26]} f6 {[%clk
00:27:54]} {[%emt 00:03:53]} 42. a3 {[%clk 00:38:06]} {[%emt 00:01:02]} Re5
{[%clk 00:25:40]} {[%emt 00:02:43]} 43. Bb1 {[%clk 00:38:18]} {[%emt 00:00:18]}
Kg7 {[%clk 00:25:48]} {[%emt 00:00:22]} 44. Bc2 {[%clk 00:38:43]} {[%emt
00:00:05]} R8e7 {[%clk 00:25:01]} {[%emt 00:01:17]} 45. Bb1 {[%clk 00:37:51]}
{[%emt 00:01:22]} Nf4 {[%clk 00:24:07]} {[%emt 00:01:23]} 46. Bd2 {[%clk
00:36:53]} {[%emt 00:01:29]} Kf7 {[%clk 00:21:25]} {[%emt 00:03:11]} 47. Bc2
{[%clk 00:36:56]} {[%emt 00:00:28]} Bd7 {[%clk 00:17:47]} {[%emt 00:04:08]} 48.
Bb1 {[%clk 00:37:02]} {[%emt 00:00:25]} h4+ {[%clk 00:17:39]} {[%emt 00:00:37]}
49. Kf3 {[%clk 00:37:01]} {[%emt 00:00:31]} Nh5 {[%clk 00:17:01]} {[%emt
00:01:08]} 50. Rg1 {[%clk 00:37:00]} {[%emt 00:00:31]} g4+ {[%clk 00:16:00]}
{[%emt 00:01:31]} 51. Rxg4 {[%clk 00:37:13]} {[%emt 00:00:17]} Bxg4+ {[%clk
00:16:25]} {[%emt 00:00:05]} 52. Kxg4 {[%clk 00:37:38]} {[%emt 00:00:05]} Ng3
{[%clk 00:16:29]} {[%emt 00:00:26]} 53. Rxg3 {[%clk 00:36:32]} {[%emt
00:01:36]} hxg3 {[%clk 00:16:50]} {[%emt 00:00:08]} 54. Kxg3 {[%clk 00:37:00]}
{[%emt 00:00:03]} Rxe4 {[%clk 00:16:53]} {[%emt 00:00:26]} 55. Bxe4 {[%clk
00:37:11]} {[%emt 00:00:19]} Rxe4 {[%clk 00:17:20]} {[%emt 00:00:04]} 0-1